[Event "GCT Croatia Blitz 2021"]
[Site "Zagreb"]
[Date "2021.07.11"]
[Round "15"]
[White "Grischuk, Alexander"]
[Black "Vachier-Lagrave, Maxime"]
[Result "1/2-1/2"]
[WhiteElo "2778"]
[BlackElo "2749"]
[Annotator "TA"]
[PlyCount "81"]
[EventDate "2021.07.10"]
[EventType "tourn"]
[EventCountry "CRO"]
[SourceTitle "playchess.com"]
[Source "ChessBase"]
[SourceQuality "1"]

{[%evp 21,81,18,19,24,27,15,31,14,43,19,19,0,13,21,13,-4,-9,-4,-9,-27,0,0,0,0,
0,0,0,0,0,-28,0,0,0,0,0,0,0,0,10,0,0,0,10,10,10,10,10,12,34,10,10,10,10,10,10,
0,0,0,10,0,0,0]} 1. Nf3 c5 2. c4 Nf6 3. Nc3 Nc6 4. g3 d5 5. d4 e6 6. cxd5 Nxd5
7. Bg2 cxd4 8. Nxd4 Nxc3 9. bxc3 Nxd4 10. Qxd4 Qxd4 11. cxd4 Bd6 $1 {11...Bd6
scores better than 11...Bb4+.} 12. O-O {D41: Queen's Gambit Declined:
Semi-Tarrasch with 5 cxd5.} Rb8 13. e4 Bd7 14. Be3 {White is slightly better.}
b6 {[#]} 15. e5 $146 ({Predecessor:} 15. Rfc1 Rc8 16. Rxc8+ Bxc8 17. Rc1 Bd7
18. e5 Bb8 19. Bf1 Ke7 20. Ba6 Rd8 21. f4 {1/2-1/2 (30) Schleining,Z (2354)
-Madl,I (2343) Reykjavik 2015}) 15... Ba3 16. Rab1 O-O 17. Rb3 Be7 18. d5 exd5
19. Bxd5 Rfc8 20. f4 (20. Rbb1 {seems wilder.} Bc5 21. Rbd1 Bf5 22. Rfe1 Kf8
23. Bb3) 20... Be6 (20... Bh3 {with more complications.} 21. Re1 Rc7 22. Rbb1
Rbc8 23. Kf2 Ba3) 21. Bxe6 fxe6 22. Rd1 Rc7 23. Rbd3 Kf7 24. Kf2 b5 25. g4 g6
26. Kf3 Rbb7 27. Ke4 Rc4+ 28. Rd4 Rxd4+ 29. Bxd4 $11 {[%mdl 4096] Endgame
KRB-KRB} b4 30. f5 gxf5+ 31. gxf5 a5 32. Rc1 a4 33. Rc6 exf5+ 34. Kxf5 {
[#] Black must now prevent e6+.} Rb5 35. Ke4 b3 {The position is equal.} 36.
axb3 axb3 {And now ...b2 would win.} 37. Bb2 Rb4+ 38. Kd5 Rb5+ 39. Ke4 Rb4+ 40.
Kd5 Rb5+ 41. Ke4 {A rather calm draw.  Weighted Error Value: White=0.07/
Black=0.05} 1/2-1/2

[Event "GCT Croatia Blitz 2021"]
[Site "Zagreb"]
[Date "2021.07.11"]
[Round "15"]
[White "Duda, Jan-Krzysztof"]
[Black "Giri, Anish"]
[Result "1-0"]
[WhiteElo "2738"]
[BlackElo "2776"]
[Annotator "TA"]
[PlyCount "139"]
[EventDate "2021.07.10"]
[EventType "tourn"]
[EventCountry "CRO"]
[SourceTitle "playchess.com"]
[Source "ChessBase"]
[SourceQuality "1"]

{[%evp 9,139,0,0,0,0,0,12,16,9,12,29,20,11,26,12,-11,-12,-7,0,0,43,34,41,39,43,
45,37,23,27,26,36,15,29,8,4,7,25,22,22,0,14,0,0,-64,-54,-29,0,0,0,0,1,1,14,15,
10,0,0,0,0,0,0,0,0,0,0,0,8,7,7,0,0,0,0,0,0,0,8,0,0,0,0,0,0,0,0,0,0,0,0,0,0,0,0,
0,0,0,0,0,0,0,0,0,0,0,0,0,0,0,0,0,12,14,71,71,181,181,181,181,706,693,686,574,
606,594,594,537,400,0,383,374,29979,29980]} 1. d4 d5 2. Bf4 c5 3. e3 cxd4 4.
exd4 Nc6 5. c3 Bf5 6. Nd2 {B13: Caro-Kann: Exchange Variation and
Panov-Botvinnik Attack.} e6 7. Ngf3 Bd6 8. Bxd6 {The position is equal.} Qxd6
9. Nh4 Bg6 (9... Nf6 {is interesting.} 10. Bb5 Be4 11. Nhf3 O-O 12. O-O Bf5)
10. Nxg6 hxg6 11. g3 Nf6 12. Bd3 {[#]} e5 $146 ({Predecessor:} 12... O-O-O 13.
Nf3 e5 14. dxe5 Nxe5 15. Nxe5 Qxe5+ 16. Qe2 Qg5 17. Kf1 Rde8 18. Qf3 Qd2 {
1/2-1/2 (55) Duda,J (2758)-Artemiev,V (2731) Moscow 2019}) 13. dxe5 Qxe5+ 14.
Kf1 O-O (14... O-O-O {with more complications.} 15. Nf3 Qe6 16. h4 d4 17. cxd4
Kb8) 15. Kg2 Qd6 16. Nf3 Rfe8 17. h4 a6 18. Qd2 Ne5 19. Nxe5 Rxe5 20. Qf4 Rae8
21. Rad1 Qc6 22. Qd4 R5e6 23. Rhf1 Re5 24. Kg1 R5e6 25. Bc2 Re5 26. Ba4 (26.
Rd2 $11) 26... b5 $15 27. Bb3 Qe6 {And now ...Qh3 would win.} (27... Qc8 $5 {
[%cal Rc8h3]} 28. Kg2 Re4 $11) 28. Kg2 Re2 29. Rd2 Rxd2 (29... Re4 $5 30. Qd3
$8 Re5 $11) 30. Qxd2 Qe4+ 31. Kg1 Re5 32. f3 Qf5 33. Kg2 Qe6 34. Rf2 Re1 35.
Bd1 (35. a3 {seems wilder.} Qe5 36. Qd4 Qe6 37. Bd1 Nd7 38. Qd2) 35... Qe5 36.
Re2 Rxe2+ 37. Bxe2 Qe6 38. a3 Qb6 39. Qf4 Qe6 40. Qd2 Qe5 41. Kf2 Qf5 42. Kg2
Qe5 43. Bf1 Nh5 44. Qf2 g5 45. hxg5 Qxg5 46. f4 Qf5 47. Qf3 {Black must now
prevent Bd3.} Nf6 48. Bd3 Qe6 49. Qf2 g6 50. Qd4 Kg7 51. a4 bxa4 52. Qxa4 Qe3
53. Qd4 Qxd4 54. cxd4 $11 {[%mdl 4096] Endgame KB-KN} a5 55. Kf3 Kf8 56. g4 Ke7
57. g5 Ne8 58. f5 gxf5 59. Bxf5 Ng7 60. Kf4 {Ke5 is the strong threat.} Kd6 {
[#]} (60... f6 $1 $11 {remains equal.}) 61. Bg4 $1 $16 Ne8 {[#]} (61... a4 $16
{was called for.} 62. Bf5 Nh5+ 63. Kf3 Ng7) 62. Kf5 $1 $18 Ke7 {intending ...
Nd6+.} 63. Ke5 Nc7 $2 (63... f6+ 64. gxf6+ (64. Kxd5 fxg5 65. Bf5 Nf6+ 66. Kc6
g4 $11) 64... Nxf6) 64. Bf5 Nb5 65. Kxd5 Nd6 66. Bd3 Kd7 67. Kc5 Kc7 68. Kd5
Kd7 69. Bc2 Nc8 $2 (69... Ke7 $18 70. Bd3 Nb7) 70. Bf5+ {Weighted Error Value:
White=0.05/Black=0.05} 1-0

[Event "GCT Croatia Blitz 2021"]
[Site "Zagreb"]
[Date "2021.07.11"]
[Round "15"]
[White "Van Foreest, Jorden"]
[Black "Nepomniachtchi, Ian"]
[Result "1/2-1/2"]
[WhiteElo "2688"]
[BlackElo "2792"]
[Annotator "TA"]
[PlyCount "116"]
[EventDate "2021.07.10"]
[EventType "tourn"]
[EventCountry "CRO"]
[SourceTitle "playchess.com"]
[Source "ChessBase"]
[SourceQuality "1"]

{[%evp 13,116,6,12,0,0,0,11,2,6,-14,9,12,18,8,8,8,8,12,7,7,58,58,58,69,105,110,
110,91,112,115,103,104,116,95,181,169,179,178,144,0,0,0,0,0,0,0,0,0,0,0,0,-80,
0,-80,-80,-80,-80,-80,-80,-80,-80,-80,-80,-89,0,0,0,0,0,-14,0,0,0,0,0,0,0,0,0,
0,0,0,0,0,0,0,0,0,0,0,0,0,0,0,0,0,0,0,0,0,0,0,0,0,0]} 1. g3 d5 2. Nf3 g6 3. Bg2
Bg7 4. d4 c6 5. O-O Nf6 6. Bf4 O-O 7. Qc1 Bf5 {[#]} 8. a4 $146 {[%cal Ba2a4,
Ba4a5,Ba5a6][%mdl 32] D02: 1 d4 d5 2 Nf3 sidelines, including 2...Nf6 3 g3 and
2...Nf6 3 Bf4.} ({Predecessor:} 8. c4 Nbd7 9. Nc3 Rc8 10. Bh6 Be4 11. Bxg7 Kxg7
12. Nxe4 Nxe4 13. Qc2 e6 14. Rfd1 Qe7 15. Rac1 Rcd8 {1/2-1/2 (62) Dubov,D 
(2690)-Rakhmanov,A (2645) Moscow 2019}) 8... Nbd7 9. a5 c5 10. Nc3 Rc8 11. a6
Qb6 12. dxc5 Nxc5 13. Be3 {Black must now prevent Na4.} Qb4 14. Nd4 bxa6 15.
Nxf5 gxf5 16. Bxd5 Nce4 (16... Nxd5 $11 17. Nxd5 Qb7) 17. Bxe4 $14 (17. Rxa6
Nxc3 18. bxc3 Qb5 $15) ({Don't go for} 17. Bxa7 $2 Nxd5 18. Nxd5 Qb7 $17) 17...
Nxe4 18. Nxe4 {Hoping for Nc3.} ({Much weaker is} 18. Bxa7 Nxc3 19. bxc3 Rxc3
$11) ({Much worse is} 18. Rxa6 Bxc3 19. bxc3 Nxc3 $15) 18... Qxe4 19. c3 Rc6
20. Bxa7 Qxe2 21. Re1 Qh5 22. Rxe7 Rh6 23. h4 Bf6 (23... Rg6 $16) 24. Rxa6 $18
Rg6 {[#]} 25. Re1 Qxh4 26. Bd4 (26. Qd2 $16) 26... Rxg3+ $11 27. fxg3 Qxg3+ 28.
Kf1 Qf3+ 29. Kg1 Bxd4+ 30. cxd4 {aiming for Qg5+.} Kh8 31. Qg5 {Strongly
threatening Qf6+.} Rg8 32. Qxg8+ Kxg8 {[%mdl 4096] Endgame KQ-KRR} 33. Ra3 (33.
Rf1 $1 $11 {keeps the balance.} Qg4+ 34. Kh1 Qh4+ 35. Kg1) 33... Qg4+ $17 34.
Kf1 Qf4+ (34... Qxd4 $2 35. Re2 $19) 35. Kg2 Qd2+ 36. Kf1 Kg7 {Threatens to
win with ...h5.} (36... Qxb2 $2 37. Rd3 $17) (36... Qxd4 $2 37. Rg3+ Kf8 38.
Re2 $19) 37. Rf3 Qxd4 38. Re2 {[#]} Kf6 ({Black should play} 38... Qd1+ $1 $17
39. Kf2 Kf6) 39. Ref2 $11 {The position is equal.} Qd1+ 40. Kg2 Qd5 41. Kg1 h5
42. b4 Kg5 43. Kh2 Kg6 (43... f4 {seems wilder.} 44. Rxf4 Qd6 45. Kh3 Qe5 46.
Rxf7 Qe6+) 44. Kh3 Qc4 45. Rxf5 Qg4+ {[%mdl 64] Double Attack} 46. Kh2 Qxf5 (
46... Qxb4 {is interesting.} 47. Rf6+ Kg5 48. Rxf7 Qd6+ 49. Kh3 Qe6+) 47. Rxf5
Kxf5 {KPP-KP} 48. Kg3 Ke5 (48... Ke6 $5 49. Kh4 $8 f6 $11) 49. Kh4 f5 50. Kxh5
{KP-KP} f4 51. Kg4 Ke4 52. b5 f3 53. b6 f2 54. b7 f1=Q {( -> ...Qf4+)} 55. b8=Q
Qf3+ 56. Kg5 Qf5+ 57. Kh6 Qf4+ 58. Qxf4+ Kxf4 {Weighted Error Value: White=0.
10/Black=0.08} 1/2-1/2

[Event "GCT Croatia Blitz 2021"]
[Site "Zagreb"]
[Date "2021.07.11"]
[Round "15"]
[White "Korobov, Anton"]
[Black "Anand, Viswanathan"]
[Result "0-1"]
[WhiteElo "2683"]
[BlackElo "2753"]
[Annotator "TA"]
[PlyCount "106"]
[EventDate "2021.07.10"]
[EventType "tourn"]
[EventCountry "CRO"]
[SourceTitle "playchess.com"]
[Source "ChessBase"]
[SourceQuality "1"]

{[%evp 25,106,0,0,1,10,-2,0,0,0,0,7,-18,-22,-36,0,-9,-15,-15,-10,-16,23,-16,18,
-15,0,0,65,6,0,0,0,0,0,-29,-19,-25,-20,-26,-14,-37,-27,-35,-47,-31,0,-32,-32,
-32,-32,-33,-21,-81,-74,-98,-39,-189,-149,-172,-152,-333,-375,-530,-525,-487,
-453,-703,-666,-835,-818,-533,-84,-84,-79,-84,-84,-501,-84,-570,-558,-706,-670,
-12843,-12844]} 1. d4 Nf6 2. c4 e6 3. Nc3 Bb4 4. e3 O-O 5. Bd3 c5 6. Nf3 d5 7.
O-O cxd4 8. exd4 dxc4 9. Bxc4 b6 10. Bg5 Bb7 11. Qe2 Bxc3 12. bxc3 Nbd7 {
[%cal Bb8d7,Bd7f6,Bf6h5,Bh5f4][%mdl 32]} 13. Rac1 Qc7 14. Nd2 {E54:
Nimzo-Indian: Rubinstein: Main Line: 7...dxc4 8 Bxc4.} Nd5 15. f3 Rac8 16. Bh4
{The position is equal.} N7f6 17. Rfe1 {[#]} Qd6 $146 ({Predecessor:} 17...
Rfd8 18. Qf2 Qf4 19. Re5 Nxc3 20. Rxc3 Qxd4 21. Qxd4 Rxd4 22. Bg5 Bd5 23. Re1
Bxc4 {1/2-1/2 (30) Zaas,D (2272)-Jenkins,R (2293) ICCF email 2019}) 18. Bg3 Qa3
19. Nb1 Qe7 20. Bb3 Nh5 21. Bf2 Nhf4 22. Qd2 Qf6 23. Bg3 b5 24. a4 a6 25. Na3
Bc6 (25... Qe7 $11 26. Nxb5 axb5 27. Bxf4 Nxf4 28. Qxf4 Qa3) 26. axb5 (26. c4
$1 $14 bxc4 27. Nxc4) 26... axb5 $11 27. c4 bxc4 28. Nxc4 {Black must now
prevent Nd6.} Bb5 29. Kh1 Bxc4 30. Bxc4 h5 31. Re4 {[%cal Rg3f4]} Ng6 32. h4
Rfd8 33. Bb3 Rxc1+ 34. Qxc1 Nde7 35. Qg5 (35. Be5 {is interesting.} Nxe5 36.
dxe5 Qg6 37. Kh2 Nf5 38. Qf4) 35... Qxg5 36. hxg5 Nf5 37. Bf2 Rb8 38. Ba4 (38.
Bc2 $11 {keeps the balance.}) 38... Rb2 39. Kg1 h4 (39... Nd6 $17 40. Re3 Nf4)
40. Bc6 ({Only move:} 40. Rg4 $1 $15) 40... Ng3 $1 $19 41. Re1 Nf4 {...Rxf2!
is the strong threat.} 42. Ra1 $2 (42. Be4 $17 {was the only defense.}) 42...
Kh7 $1 43. Be4+ (43. Re1 $142 Rxf2 44. Be4+ (44. g6+ $2 Kxg6 45. Rxe6+ Nxe6 $19
) 44... Nxe4 45. Rxe4) 43... Nxe4 44. fxe4 {[%mdl 4096] Endgame [#] KRB-KRN} h3
$1 45. Ra3 (45. d5 $142 hxg2 46. d6) 45... hxg2 46. Rf3 Rb1+ 47. Kh2 {[#]} Rh1+
$2 (47... Rf1 $1 $19 {is more deadly.} 48. Rxf4 g1=Q+ 49. Bxg1 Rxf4) 48. Kg3
$17 g1=Q+ 49. Bxg1 Ne2+ {[%mdl 64] Double Attack} 50. Kf2 $2 {[%mdl 8192] [#]}
(50. Kg2 $17 Rxg1+ 51. Kf2) 50... Kg6 $1 51. d5 $2 {[%mdl 8192]} (51. Kxe2 Rxg1
) 51... Nxg1 $19 {Black is clearly winning.} 52. Rd3 Nh3+ 53. Kg2 Nf4+ {
[%mdl 64] Double Attack.  Weighted Error Value: White=0.90/Black=0.40} 0-1

[Event "GCT Croatia Blitz 2021"]
[Site "Zagreb"]
[Date "2021.07.11"]
[Round "16"]
[White "Nepomniachtchi, Ian"]
[Black "Grischuk, Alexander"]
[Result "1/2-1/2"]
[WhiteElo "2792"]
[BlackElo "2778"]
[Annotator "TA"]
[PlyCount "90"]
[EventDate "2021.07.10"]
[EventType "tourn"]
[EventCountry "CRO"]
[SourceTitle "playchess.com"]
[Source "ChessBase"]
[SourceQuality "1"]

{[%evp 9,90,22,28,35,14,10,22,0,1,0,10,0,8,-41,0,0,0,-8,8,-8,0,0,44,51,79,64,
79,56,47,55,60,45,54,30,115,116,106,46,53,5,20,0,9,15,15,0,25,23,18,16,18,18,
18,16,21,23,20,16,20,16,9,0,8,8,8,0,0,0,0,0,0,0,0,0,0,0,0,0,0,0,0,0,0]} 1. c4
e5 2. g3 d6 3. Bg2 f5 4. Nc3 Nf6 5. e3 a5 {[#]} 6. d4 $146 {A21: English
Opening: 1...e5 2 Nc3.} ({Predecessor:} 6. Nge2 Be7 7. d4 O-O 8. O-O c6 9. Qb3
Kh8 10. Rd1 Qc7 11. Bd2 Nbd7 12. Rac1 {0-1 (67) Szarvas,S (2128)-Merena,L 
(2040) Hungary 2008}) 6... Be7 7. b3 O-O 8. Bb2 c6 9. Nge2 Na6 10. O-O Qe8 11.
e4 exd4 12. Qxd4 Nc5 13. Nf4 Qf7 14. e5 dxe5 15. Qxe5 Ng4 16. Qe2 Bf6 17. Rfe1
Bd7 {[#]} 18. Ncd5 $1 Bxb2 (18... cxd5 $2 19. Bxd5 Ne6 20. Nxe6 $18) 19. Qxb2 {
Threatens to win with Re7.} Rae8 {[#] Threatening ...g5.} ({Wrong is} 19...
cxd5 $2 20. Bxd5 Ne6 21. Nxe6 $18) 20. h3 $1 Nf6 ({Avoid the trap} 20... cxd5
$2 21. Bxd5 Be6 22. Nxe6 $18 (22. hxg4 Bxd5 23. Rxe8 Rxe8 $14)) 21. Qd4 Nce4 (
21... Nfe4 $11 {keeps the balance.}) 22. Nxf6+ $16 Nxf6 23. Nd3 (23. Qb6 $16)
23... Bc8 $14 24. Qb6 Qd7 25. Ne5 Qd8 26. Qxd8 Rxd8 27. Rad1 Rfe8 {White must
now prevent ...Rxd1.} 28. f4 Kf8 29. Kf2 Rxd1 30. Rxd1 Be6 31. Bf3 Ke7 32. Re1
Nd7 33. g4 {The position is equal.} g6 34. gxf5 gxf5 35. Bh5 {And now Nxd7
would win.} Nxe5 36. Rxe5 $11 {[%mdl 4096] Endgame KRB-KRB} Ra8 37. Be2 Kf6 38.
a3 b6 39. Re3 Rd8 40. Rd3 Rxd3 41. Bxd3 c5 42. a4 Bd7 43. Ke3 Be6 44. Kf2 Bd7
45. Ke3 Be6 {Weighted Error Value: White=0.11/Black=0.10} 1/2-1/2

[Event "GCT Croatia Blitz 2021"]
[Site "Zagreb"]
[Date "2021.07.11"]
[Round "16"]
[White "Mamedyarov, Shakhriyar"]
[Black "Korobov, Anton"]
[Result "0-1"]
[WhiteElo "2782"]
[BlackElo "2683"]
[Annotator "TA"]
[PlyCount "92"]
[EventDate "2021.07.10"]
[EventType "tourn"]
[EventCountry "CRO"]
[SourceTitle "playchess.com"]
[Source "ChessBase"]
[SourceQuality "1"]

{[%evp 20,92,0,-5,2,0,8,0,13,10,6,0,5,0,0,0,0,-20,0,-19,-16,-75,-64,-142,-136,
-131,-135,-150,-150,-290,-283,-283,-270,-302,0,-207,-206,-598,-595,-1105,-1075,
-1731,-727,-716,-548,-544,-529,-518,-514,-505,-466,-630,-652,-617,-589,-553,
-516,-496,-358,-754,-1132,-756,-722,-29990,-29991,-29991,-29992,-29992,0,0,0,
-29992,-29993,-29996,-29997]} 1. d4 d5 2. c4 c6 3. Nc3 Nf6 4. e3 e6 5. Nf3 Nbd7
6. Qc2 Bd6 7. b3 O-O 8. Be2 b6 9. O-O Bb7 10. Bb2 Re8 11. Rad1 Qe7 {D45:
Semi-Slav: 5 e3.} 12. Rfe1 c5 $5 {[%mdl 4] An interesting side line.} 13. cxd5
exd5 {The position is equal.} 14. Nb5 Bb8 15. Bd3 a6 16. Nc3 {[%cal Bb5c3,
Bc3e2,Be2g3][%mdl 32]} Bd6 {[#]} 17. dxc5 $146 ({Predecessor:} 17. Bf5 Rac8 18.
Ne5 Nxe5 19. dxe5 Qxe5 20. f4 Qe7 21. Bxc8 Rxc8 22. Qf5 Qc7 23. Ne2 Ne4 24.
Rxd5 Bxd5 25. Qxd5 Qe7 26. Ng3 Nxg3 27. hxg3 {0-1 (36) Gaehwiler,G (2412)
-Klauser,M (2385) Leukerbad 2019}) 17... bxc5 {[%cal Bb6c5,Bc5c4,Bc4c3][%mdl
32]} 18. Ne2 Rac8 19. Ng3 g6 20. Qb1 (20. Qe2 $11 {remains equal.}) 20... c4
$17 21. Bc2 (21. Bxf6 $15 Nxf6 22. Be2) 21... c3 22. Ba1 Ne5 23. Nd4 Nfg4 24.
h3 {[#]} (24. Nf1 $17 {was worth a try.}) 24... Nxf2 $1 $19 {[%mdl 512]} 25.
Kxf2 Qh4 {Hoping for ...Ng4+!} 26. Nde2 Qg5 $2 ({Better is} 26... Qf6+ $19 27.
Nf5 gxf5) 27. Rd4 $2 {[#]} (27. Qc1 $11) 27... Nc4 $1 {[%mdl 512]} 28. Qc1 (28.
bxc4 Qxe3+ 29. Kf1 Bxg3 30. Nxg3 Qxd4 31. Ne2 Qxc4 32. Qb3) 28... Nxe3 29. h4
Qf6+ 30. Kg1 Nxc2 (30... Bxg3 $142 31. Kh1 Qf2) 31. Rf1 Qxd4+ 32. Nxd4 Nxd4 33.
Qd1 Bxg3 34. Qxd4 {Threatens to win with Qf6.} Be5 35. Qf2 Re7 36. h5 d4 37.
Qh4 Rce8 38. Re1 {If only White now had time for Rxe5!...} Bf6 {[%mdl 64]
Deflection} 39. Qxf6 $2 (39. Rxe7 Bxh4 40. Rxe8+ Kg7 41. Rb8) 39... Rxe1+ 40.
Kh2 R1e2 ({And not} 40... Rxa1 41. h6 $11) 41. h6 Rxg2+ 42. Kh3 Re3+ 43. Kh4
Re4+ 44. Kh3 {[%csl Gh6][%cal Rf6g7]} Re3+ 45. Kh4 {[%csl Gh6][%cal Rf6g7]}
Rh2+ 46. Kg4 Bc8+ {Weighted Error Value: White=1.06/Black=0.43} 0-1

[Event "GCT Croatia Blitz 2021"]
[Site "Zagreb"]
[Date "2021.07.11"]
[Round "16"]
[White "Giri, Anish"]
[Black "Kasparov, Garry"]
[Result "1/2-1/2"]
[WhiteElo "2776"]
[BlackElo "2812"]
[Annotator "TA"]
[PlyCount "77"]
[EventDate "2021.07.10"]
[EventType "tourn"]
[EventCountry "CRO"]
[SourceTitle "playchess.com"]
[Source "ChessBase"]
[SourceQuality "1"]

{[%evp 18,77,19,14,16,10,16,19,16,0,4,-13,0,0,5,13,56,34,97,109,108,53,89,50,
51,52,55,28,28,23,29,0,0,0,0,0,0,0,70,28,81,60,84,63,78,62,65,27,65,12,15,0,0,
0,0,-48,0,0,0,0,0,0]} 1. Nf3 c5 2. c4 Nf6 3. Nc3 e6 4. e3 Nc6 5. d4 d5 6. a3
cxd4 7. exd4 Be7 8. c5 Ne4 9. Qc2 Nxc3 10. Qxc3 a5 {B14: Caro-Kann:
Panov-Botvinnik Attack with 5...e6 and 5...g6.} 11. Bb5 Bd7 12. O-O O-O 13. Bf4
a4 14. Qc2 Bf6 15. Rad1 {[#]} Re8 $146 ({Predecessor:} 15... h6 16. Bxa4 Rxa4
17. Qxa4 Nxd4 18. Qb4 Nxf3+ 19. gxf3 Bc6 20. Bd6 Re8 21. f4 e5 22. fxe5 Bxe5
23. Bxe5 Rxe5 {0-1 (52) Khismatullin,D (2534)-Belov,V (2560) Sochi 2004}) 16.
Rfe1 Qc8 17. Bg5 ({Much weaker is} 17. Bxa4 Rxa4 18. Qxa4 Nxd4 $17) 17... Ne7 (
17... Bd8 $14) 18. Bd3 $16 Ng6 19. Qd2 ({White should try} 19. h4 $16) 19...
Qd8 20. Bxg6 hxg6 21. h4 Be7 22. Bxe7 Rxe7 23. Ne5 Be8 24. Qf4 b6 25. Rc1 bxc5
26. Rxc5 Rb7 27. Re2 f6 (27... Qf6 $11 28. Qg4 Qf5) 28. Nd3 (28. Nc6 $5 {
[%cal Rc6d8]} Qd7 29. g3 $14) 28... Bf7 (28... Bb5 $11 29. Qg3 Qe8) 29. Nb4 Qb8
30. Qe3 Qd6 31. Qc3 {[#] Threatens to win with Rc8+.} Re8 32. Rc6 Qd7 33. Qc5 (
33. f4 $14) 33... e5 $1 $11 34. Rd6 Qg4 35. f3 Qxh4 {White should prevent ...
e4.} 36. Nxd5 Rxb2 37. Rxb2 {The position is equal.} Qe1+ 38. Kh2 {And now g3
would win.} Qh4+ {[%mdl 64] [#] Double Attack} 39. Kg1 {Weighted Error Value:
White=0.19/Black=0.17} 1/2-1/2

[Event "GCT Croatia Blitz 2021"]
[Site "Zagreb"]
[Date "2021.07.11"]
[Round "16"]
[White "Anand, Viswanathan"]
[Black "Van Foreest, Jorden"]
[Result "1-0"]
[WhiteElo "2753"]
[BlackElo "2688"]
[Annotator "TA"]
[PlyCount "93"]
[EventDate "2021.07.10"]
[EventType "tourn"]
[EventCountry "CRO"]
[SourceTitle "playchess.com"]
[Source "ChessBase"]
[SourceQuality "1"]

{[%evp 10,93,72,17,17,0,14,12,21,-2,0,-6,34,34,37,19,22,17,33,25,27,19,19,7,50,
22,98,105,97,108,111,100,102,97,114,109,127,126,133,140,155,137,220,204,212,
216,202,182,215,184,314,314,354,249,275,244,236,211,262,262,266,262,260,251,
295,264,260,258,257,258,335,335,506,516,533,442,414,261,245,223,223,206,730,
547,1136,1107]} 1. e4 e5 2. Nf3 Nc6 3. Bc4 Bc5 4. c3 d6 5. d4 Bb6 6. O-O ({
White should play} 6. dxe5 $16 dxe5 7. Qxd8+ Nxd8 8. a4 (8. Nxe5 Nf6 $16)) 6...
Nf6 $11 {C53: Giuoco Piano sidelines.} 7. Re1 O-O 8. h3 h6 {The position is
equal.} 9. Bb3 Re8 10. Bc2 Bd7 11. a3 a5 {[#]} 12. Be3 $5 $146 {[%mdl 8] An
interesting novelty.} ({Predecessor:} 12. dxe5 Nxe5 13. Nxe5 dxe5 14. Qe2 Qe7
15. a4 Rad8 16. Na3 Bc5 17. Be3 Bxe3 18. Qxe3 {0-1 (53) Horvath,J (1997)
-Piroska,I (2104) Budapest 2016}) 12... Ba7 13. Nbd2 Qc8 14. Bd3 a4 15. Qc2 Na5
16. c4 Nc6 {[%cal Re5d4]} 17. d5 Nd4 (17... Na5 $11 {remains equal.}) 18. Nxd4
$16 {White now steadily converts the win.} Bxd4 19. Bxd4 exd4 20. Nf3 c5 {[#]}
21. dxc6 $1 bxc6 22. Nxd4 Ra5 {intending ...Bxh3.} 23. Re3 Qb7 24. Rae1 Qb6 25.
Qc3 Rae5 (25... Rc5 $16 26. Rd1 Rb8) 26. Nf3 $18 R5e7 27. e5 dxe5 28. Nxe5 Be6
29. Qb4 Rb7 (29... Qxb4 $142 30. axb4 Rc7) 30. Qxa4 c5 31. R1e2 Reb8 32. Qd1
Qc7 33. Qc1 Rb3 34. Bc2 R3b6 35. b3 Rd6 36. Rd3 Ra6 37. a4 Bf5 38. Rg3 Bxc2 39.
Qxc2 Re6 40. Ng4 Nh5 (40... Nxg4 {keeps fighting.} 41. Rxe6 (41. Rxg4 Rxe2 42.
Qxe2 Rxb3 $16) 41... fxe6) 41. Rxe6 Nxg3 42. Re3 ({Stronger than} 42. fxg3 fxe6
43. Kh2 h5 $11) 42... Nh5 43. Qf5 Nf4 44. Ne5 Ne6 45. Nxf7 Nd4 $2 {[#]} (45...
Qxf7 46. Qxe6 Qxe6 47. Rxe6 Rxb3) 46. Nxh6+ $1 gxh6 (46... Kh8 47. Qg6) 47.
Rg3+ {Weighted Error Value: White=0.15/Black=0.28} 1-0